[Event "AUT-chT2W 2223"]
[Site "Austria"]
[Date "2023.04.23"]
[Round "11.3"]
[White "De Francesco, Klaus"]
[Black "Gsteu, Peter"]
[Result "1/2-1/2"]
[WhiteElo "2180"]
[BlackElo "2066"]
[PlyCount "68"]
[EventDate "2022.09.23"]
[EventType "team-tourn"]
[EventRounds "11"]
[EventCountry "AUT"]
[SourceTitle "EXT 2024"]
[Source "ChessBase"]
[SourceDate "2023.10.10"]
[SourceVersion "1"]
[SourceVersionDate "2023.10.10"]
[SourceQuality "1"]
[WhiteTeam "Absam"]
[BlackTeam "Dornbirn"]
[WhiteTeamCountry "AUT"]
[BlackTeamCountry "AUT"]

1. e4 c5 2. Nc3 Nc6 3. f4 g6 4. Nf3 Bg7 5. Bb5 Nd4 6. 0-0 Nxb5 7. Nxb5 a6 8. Nc3 d6 9. d3 e6 10. Be3 b6 11. d4 Qc7 12. Qd2 Ne7 13. dxc5 dxc5 14. Rad1 Bb7 15. f5 exf5 16. exf5 0-0 17. Nh4 Rad8 18. Qf2 Nxf5 19. Nxf5 gxf5 20. Rxd8 Qxd8 21. Qxf5 Bd4 22. Nd1 Bxe3+ 23. Nxe3 Qd4 24. Qg5+ Qg7 25. Qxg7+ Kxg7 26. Nc4 Rd8 27. h3 b5 28. Ne5 f6 29. Ng4 Rd6 30. Rf5 c4 31. Rc5 Be4 32. Ne3 Rd2 33. a4 Bxc2 34. Nxc2 Rxc2 1/2-1/2

[Event "AUT-chT2W 2223"]
[Site "Austria"]
[Date "2023.04.21"]
[Round "9.3"]
[White "Charaus, Florian"]
[Black "Gsteu, Peter"]
[Result "0-1"]
[WhiteElo "1993"]
[BlackElo "2066"]
[PlyCount "70"]
[EventDate "2022.09.23"]
[EventType "team-tourn"]
[EventRounds "11"]
[EventCountry "AUT"]
[SourceTitle "EXT 2024"]
[Source "ChessBase"]
[SourceDate "2023.10.10"]
[SourceVersion "1"]
[SourceVersionDate "2023.10.10"]
[SourceQuality "1"]
[WhiteTeam "Salzburg ASK"]
[BlackTeam "Dornbirn"]
[WhiteTeamCountry "AUT"]
[BlackTeamCountry "AUT"]

1. d4 Nf6 2. c4 c5 3. d5 b5 4. cxb5 a6 5. f3 d6 6. e4 g6 7. Nc3 Bg7 8. a4 0-0 9. Be3 Qa5 10. Qd2 Re8 11. Bc4 Nbd7 12. bxa6 Bxa6 13. Nb5 Qb6 14. Rb1 Reb8 15. Be2 Qd8 16. Nh3 Ne8 17. 0-0 Nc7 18. Nxc7 Qxc7 19. b3 Rb7 20. Rfc1 Qb8 21. Bd1 Ne5 22. Nf2 Nc4 23. Rxc4 Bxc4 24. Qc2 Ba6 25. f4 c4 26. e5 dxe5 27. Qe4 cxb3 28. d6 exd6 29. Bxb3 Raa7 30. Bxa7 Qxa7 31. Qc6 exf4 32. Qe8+ Bf8 33. h4 Qe3 34. Qxe3 fxe3 35. Ng4 Bd3 0-1

[Event "AUT-chT2W 2223"]
[Site "Austria"]
[Date "2023.01.21"]
[Round "7.4"]
[White "Gsteu, Peter"]
[Black "Tumanyan, Gor"]
[Result "1-0"]
[WhiteElo "2066"]
[BlackElo "1984"]
[PlyCount "39"]
[EventDate "2022.09.23"]
[EventType "team-tourn"]
[EventRounds "11"]
[EventCountry "AUT"]
[SourceTitle "CBM 213 Extra"]
[Source "ChessBase"]
[SourceDate "2023.05.31"]
[SourceVersion "1"]
[SourceVersionDate "2023.05.31"]
[SourceQuality "1"]
[WhiteTeam "Dornbirn"]
[BlackTeam "Pradl"]
[WhiteTeamCountry "AUT"]
[BlackTeamCountry "AUT"]

1. d4 Nf6 2. Nf3 e6 3. e3 b6 4. Bd3 Bb7 5. Nbd2 c5 6. b3 Nc6 7. Bb2 Rc8 8. a3 Be7 9. 0-0 0-0 10. Qe2 cxd4 11. exd4 Nd5 12. g3 Re8 13. Rfe1 Bf8 14. h4 h5 15. Ng5 Nf6 16. Nde4 Nxe4 17. Bxe4 g6 18. d5 exd5 19. Qxh5 dxe4 20. Qh8# 1-0

[Event "AUT-chT2W 1617"]
[Site "Austria"]
[Date "2017.01.21"]
[Round "7.3"]
[White "Gsteu, Peter"]
[Black "Gruber, Michael"]
[Result "1/2-1/2"]
[WhiteElo "2061"]
[BlackElo "2169"]
[PlyCount "123"]
[EventDate "2016.10.28"]
[EventType "team-tourn"]
[EventRounds "11"]
[EventCountry "AUT"]
[SourceTitle "CBM 177 Extra"]
[Source "ChessBase"]
[SourceDate "2017.04.27"]
[SourceVersion "1"]
[SourceVersionDate "2017.04.27"]
[SourceQuality "1"]
[WhiteTeam "Dornbirn"]
[BlackTeam "Jenbach II"]
[WhiteTeamCountry "AUT"]
[BlackTeamCountry "AUT"]

1. d4 f5 2. Nf3 Nf6 3. Bf4 g6 4. e3 Bg7 5. Bc4 e6 6. Bb3 0-0 7. h3 d6 8. c4 Qe7 9. 0-0 Nc6 10. Bh2 Ne4 11. Nbd2 Nxd2 12. Nxd2 Kh8 13. a3 e5 14. d5 Nd8 15. e4 Nf7 16. Kh1 Qh4 17. f3 Bh6 18. Bc2 Bd7 19. Qe2 Bf4 20. b4 Bxh2 21. Kxh2 Nh6 22. c5 fxe4 23. Bxe4 Nf5 24. Bxf5 gxf5 25. Qf2 Qg5 26. f4 Qf6 27. Rfe1 e4 28. Nc4 Rg8 29. Rac1 Rg7 30. Qd2 Rag8 31. Ne3 Bb5 32. Qf2 Qd4 33. Red1 Rxg2+ 34. Qxg2 Rxg2+ 35. Nxg2 Qf6 36. Re1 Bd3 37. Kg3 Kg7 38. Ne3 Kf7 39. cxd6 Qxd6 40. Rc3 c6 41. dxc6 bxc6 42. Rc5 Qd4 43. Rxf5+ Ke6 44. Re5+ Kd7 45. Rc5 Qb2 46. Ng4 Qxa3 47. Ne5+ Ke8 48. Re3 Qa1 49. Ng4 Qd4 50. Kh4 Qxb4 51. Rxc6 Qd4 52. f5 a5 53. Re1 Qb2 54. Rec1 e3 55. Re6+ Kd8 56. Rcc6 Bxf5 57. Rxe3 Bxg4 58. hxg4 Qf2+ 59. Rg3 Qh2+ 60. Rh3 Qe2 61. Rcc3 Qe1+ 62. Rhg3 1/2-1/2

[Event "AUT-chT2W 1415"]
[Site "Austria"]
[Date "2014.10.12"]
[Round "3.4"]
[White "Quintero Ortega, Carlos"]
[Black "Gsteu, Peter"]
[Result "1-0"]
[WhiteElo "2203"]
[BlackElo "2102"]
[PlyCount "59"]
[EventDate "2014.10.10"]
[EventType "team-tourn"]
[EventRounds "11"]
[EventCountry "AUT"]
[SourceTitle "EXT 2015"]
[Source "ChessBase"]
[SourceDate "2014.11.20"]
[SourceVersion "1"]
[SourceVersionDate "2014.11.20"]
[SourceQuality "1"]
[WhiteTeam "Goetzis"]
[BlackTeam "Dornbirn"]
[WhiteTeamCountry "AUT"]
[BlackTeamCountry "AUT"]

1. g3 f5 2. b3 Nf6 3. Bb2 e6 4. Bg2 d5 5. c4 c6 6. Nf3 Bd6 7. 0-0 0-0 8. d3 b5 9. Qc2 Bb7 10. c5 Bc7 11. Nbd2 Nbd7 12. Nd4 Qe7 13. b4 Ng4 14. e4 fxe4 15. dxe4 Nde5 16. exd5 exd5 17. Rae1 Qf7 18. f4 Nc4 19. Nxc4 bxc4 20. Ne6 Rfe8 21. Nxg7 Re3 22. Nf5 Rd3 23. Re7 Qxf5 24. Rxc7 Ne3 25. Qe2 c3 26. Bc1 d4 27. Rxb7 Re8 28. Bxc6 Rc8 29. Bd7 Rd2 30. Bxd2 1-0

[Event "AUT-chT2W 1314"]
[Site "Austria"]
[Date "2014.01.19"]
[Round "8.6"]
[White "Atzl, Florian"]
[Black "Gsteu, Peter"]
[Result "1-0"]
[WhiteElo "1824"]
[BlackElo "2108"]
[PlyCount "75"]
[EventDate "2013.10.18"]
[EventType "team-tourn"]
[EventRounds "11"]
[EventCountry "AUT"]
[SourceTitle "EXT 2015"]
[Source "ChessBase"]
[SourceDate "2014.11.20"]
[SourceVersion "1"]
[SourceVersionDate "2014.11.20"]
[SourceQuality "1"]
[WhiteTeam "Kufstein/Woergl"]
[BlackTeam "Dornbirn"]
[WhiteTeamCountry "AUT"]
[BlackTeamCountry "AUT"]

1. e4 c5 2. Nf3 d6 3. d4 cxd4 4. Nxd4 Nf6 5. Nc3 g6 6. f4 Bg7 7. e5 Ng8 8. Bb5+ Kf8 9. 0-0 Nh6 10. Be3 d5 11. Nf3 e6 12. Ne4 Bd7 13. Bxd7 Nxd7 14. Nd6 Nf5 15. Nxf5 gxf5 16. c3 Kg8 17. Qb3 Qc7 18. Rac1 Nb6 19. Bxb6 Qxb6+ 20. Qxb6 axb6 21. a3 Ra4 22. Nd4 Bf8 23. Rf3 Bc5 24. Kf1 Kg7 25. Rg3+ Kf8 26. Rh3 Ke7 27. b4 Bxd4 28. cxd4 Rd8 29. Rcc3 Rd7 30. Rxh7 Ra8 31. h4 Rg8 32. h5 Kd8 33. h6 Re7 34. Rg7 Ree8 35. Rxf7 Re7 36. Rc8+ Kxc8 37. Rxe7 Rh8 38. h7 1-0

[Event "AUT-chT2W 1314"]
[Site "Austria"]
[Date "2014.01.17"]
[Round "6.5"]
[White "Knechtel, Roland"]
[Black "Gsteu, Peter"]
[Result "1-0"]
[WhiteElo "2206"]
[BlackElo "2108"]
[PlyCount "67"]
[EventDate "2013.10.18"]
[EventType "team-tourn"]
[EventRounds "11"]
[EventCountry "AUT"]
[SourceTitle "EXT 2015"]
[Source "ChessBase"]
[SourceDate "2014.11.20"]
[SourceVersion "1"]
[SourceVersionDate "2014.11.20"]
[SourceQuality "1"]
[WhiteTeam "Ranshofen"]
[BlackTeam "Dornbirn"]
[WhiteTeamCountry "AUT"]
[BlackTeamCountry "AUT"]

1. d4 d6 2. Nf3 c6 3. c4 Bg4 4. Bg5 Qa5+ 5. Bd2 Qd8 6. Bc3 e6 7. d5 e5 8. Nbd2 Nf6 9. e4 Nbd7 10. Bd3 Nc5 11. Bc2 a5 12. h3 Bh5 13. Qe2 Be7 14. b3 0-0 15. a3 cxd5 16. cxd5 Qd7 17. 0-0 Rfc8 18. Rfc1 a4 19. b4 Na6 20. Bd3 Qd8 21. Nc4 Nd7 22. g4 Bg6 23. Na5 Rc7 24. Nxb7 Rxb7 25. Bxa6 Rc7 26. Bb5 Bg5 27. Nxg5 Qxg5 28. Bc6 Rac8 29. Bd2 Qh4 30. Kg2 Nb6 31. f3 h5 32. Qf2 Qxf2+ 33. Kxf2 hxg4 34. hxg4 1-0

[Event "AUT-chT2W 1314"]
[Site "Austria"]
[Date "2013.10.20"]
[Round "3.5"]
[White "Jedlicka, Robert"]
[Black "Gsteu, Peter"]
[Result "1/2-1/2"]
[WhiteElo "2103"]
[BlackElo "2108"]
[PlyCount "81"]
[EventDate "2013.10.18"]
[EventType "team-tourn"]
[EventRounds "11"]
[EventCountry "AUT"]
[SourceTitle "EXT 2014"]
[Source "ChessBase"]
[SourceDate "2013.11.20"]
[SourceVersion "1"]
[SourceVersionDate "2013.11.20"]
[SourceQuality "1"]
[WhiteTeam "Hohenems II"]
[BlackTeam "Dornbirn"]
[WhiteTeamCountry "AUT"]
[BlackTeamCountry "AUT"]

1. Nf3 Nf6 2. c4 e6 3. d4 b6 4. Bg5 Be7 5. Nc3 Bb7 6. Qc2 d5 7. e3 h6 8. Bxf6 Bxf6 9. cxd5 exd5 10. Bb5+ c6 11. Be2 Nd7 12. Rc1 0-0 13. 0-0 Re8 14. Rfd1 Qe7 15. Ne1 g6 16. Bf3 Bg5 17. g3 h5 18. h4 Bh6 19. Nd3 Qd6 20. Kg2 Re6 21. Ne2 Kg7 22. Nef4 Ree8 23. a3 Rec8 24. Qa4 a5 25. Rc3 Kg8 26. Rdc1 Bg7 27. Qd1 Rd8 28. g4 hxg4 29. Bxg4 Nf6 30. Ne5 Nxg4 31. Nxg4 c5 32. dxc5 bxc5 33. Rxc5 d4+ 34. f3 dxe3 35. Qxd6 Rxd6 36. Rb5 Rd2+ 37. Kg3 Ba6 38. Rxa5 e2 39. Re1 Bxb2 40. Rxe2 Rxe2 41. Nxe2 1/2-1/2

[Event "AUT-chT2W 0607"]
[Site "Austria"]
[Date "2007.01.26"]
[Round "6.6"]
[White "Gsteu, Peter"]
[Black "Mrsic, Robert"]
[Result "1/2-1/2"]
[WhiteElo "2056"]
[BlackElo "2125"]
[PlyCount "129"]
[EventDate "2006.10.21"]
[EventType "team"]
[EventRounds "11"]
[EventCountry "AUT"]
[SourceTitle "EXT 2008"]
[Source "ChessBase"]
[SourceDate "2007.11.25"]
[SourceVersion "1"]
[SourceVersionDate "2007.11.25"]
[SourceQuality "1"]

1. d4 Nf6 2. Nf3 e6 3. g3 b6 4. Bg2 Bb7 5. 0-0 Be7 6. c4 c5 7. Nc3 cxd4 8. Nxd4 Bxg2 9. Kxg2 Qc8 10. Qd3 Nc6 11. Nxc6 Qxc6+ 12. f3 Rc8 13. Nb5 Qxc4 14. Nd6+ Bxd6 15. Qxd6 Qc6 16. Bf4 Qxd6 17. Bxd6 Kd8 18. Rac1 Rc6 19. Rfd1 Nd5 20. Rxc6 dxc6 21. Kf2 Kc8 22. e4 Rd8 23. e5 Nc7 24. Rc1 Kb7 25. Bxc7 Kxc7 26. Ke3 Rd5 27. f4 f6 28. exf6 gxf6 29. g4 Ra5 30. a3 Rb5 31. Rc2 h5 32. gxh5 Rxh5 33. Ke4 c5 34. Kf3 f5 35. Kg3 Kc6 36. h4 b5 37. b3 a5 38. b4 axb4 39. axb4 c4 40. Re2 Rh6 41. Re5 Kb6 42. Kh3 Kc6 43. Rc5+ Kd6 44. Rxb5 Rh7 45. Re5 c3 46. Re1 Kd5 47. b5 Kc4 48. b6 c2 49. Rxe6 Kb3 50. Rc6 Kb2 51. b7 Rxb7 52. h5 Rb3+ 53. Kh4 Rc3 54. Rb6+ Ka3 55. Ra6+ Kb4 56. Ra1 c1Q 57. Rxc1 Rxc1 58. Kg5 Rh1 59. Kxf5 Rxh5+ 60. Ke6 Rh6+ 61. Ke7 Rh7+ 62. Ke6 Kc5 63. f5 Rh8 64. f6 Re8+ 65. Kd7 1/2-1/2

[Event "AUT-chT2W 0607"]
[Site "Austria"]
[Date "2007.??.??"]
[Round "8.5"]
[White "Gsteu, Peter"]
[Black "Eybl, Alexander"]
[Result "1/2-1/2"]
[WhiteElo "2056"]
[BlackElo "2253"]
[PlyCount "164"]
[EventDate "2006.10.21"]
[EventType "team"]
[EventRounds "11"]
[EventCountry "AUT"]
[SourceTitle "EXT 2008"]
[Source "ChessBase"]
[SourceDate "2007.11.25"]
[SourceVersion "1"]
[SourceVersionDate "2007.11.25"]
[SourceQuality "1"]

1. d4 Nf6 2. Nf3 e6 3. c4 Bb4+ 4. Bd2 Qe7 5. a3 Bxd2+ 6. Nbxd2 d6 7. e4 e5 8. d5 Bg4 9. Be2 0-0 10. 0-0 Nbd7 11. Ne1 Bxe2 12. Qxe2 g6 13. b4 Nh5 14. g3 f5 15. f3 Qg5 16. Ng2 Nhf6 17. f4 Qh6 18. exf5 Rae8 19. Ne4 exf4 20. Nxf6+ Nxf6 21. Qd2 Ng4 22. Nxf4 Rxf5 23. Ra2 Ne5 24. Qe2 Ref8 25. h4 g5 26. hxg5 Qxg5 27. Qg2 Qg4 28. Rc1 Nf3+ 29. Kf2 Ne5 30. Kg1 Nf3+ 31. Kf2 Nh4 32. gxh4 Rxf4+ 33. Kg1 Kh8 34. Qxg4 Rxg4+ 35. Rg2 Rxh4 36. c5 Rd4 37. cxd6 cxd6 38. Rc7 Rxd5 39. Rgg7 Rg8 40. Rxg8+ Kxg8 41. Rxb7 Rg5+ 42. Kf2 Rg7 43. Rb8+ Kf7 44. Rh8 Ke6 45. Ke3 Kd5 46. Kd3 Rg3+ 47. Kc2 Rxa3 48. Rxh7 Kc4 49. Rh4+ Kb5 50. Rd4 Kc6 51. Rh4 d5 52. Rh5 Re3 53. Rg5 Re7 54. Kc3 Re3+ 55. Kc2 Re4 56. Kc3 Rc4+ 57. Kb3 Rh4 58. Kc3 Rh3+ 59. Kc2 Rh7 60. Kc3 Rd7 61. Rh5 Kb5 62. Kb3 Kc6 63. Kc3 Rf7 64. Rg5 Rf3+ 65. Kc2 Rf4 66. Kc3 Kd6 67. Rh5 Rc4+ 68. Kb3 Rc7 69. Rg5 Ke6 70. Rh5 d4 71. Kb2 Rf7 72. Ra5 Rd7 73. Kc2 Kd6 74. Kd3 Kc6 75. Rc5+ Kb6 76. Rh5 a6 77. Rg5 Ka7 78. Rg4 Kb6 79. Rxd4 Rxd4+ 80. Kxd4 Kb5 81. Kc3 a5 82. bxa5 Kxa5 1/2-1/2

[Event "AUT-chT2W 0607"]
[Site "Austria"]
[Date "2006.12.01"]
[Round "3"]
[White "Atlas, Dimitry"]
[Black "Gsteu, Peter"]
[Result "1/2-1/2"]
[WhiteElo "2056"]
[BlackElo "2294"]
[PlyCount "118"]
[EventDate "2006.10.21"]
[EventType "team"]
[EventRounds "11"]
[EventCountry "AUT"]
[SourceTitle "CBM 115 Extra"]
[Source "ChessBase"]
[SourceDate "2007.01.10"]
[SourceVersion "1"]
[SourceVersionDate "2007.01.10"]
[SourceQuality "1"]

1. e4 c5 2. c3 e6 3. d4 d5 4. e5 Nc6 5. Nf3 Qb6 6. Be2 f6 7. 0-0 fxe5 8. dxe5 Nge7 9. Bd3 Bd7 10. a3 h6 11. h4 0-0-0 12. b4 Qc7 13. Re1 Be8 14. Bf4 Bh5 15. b5 Na5 16. Nbd2 Ng6 17. Bg3 c4 18. Be2 Bc5 19. Nd4 Bxe2 20. Qxe2 Bxd4 21. cxd4 Ne7 22. f3 b6 23. Bf2 Kb7 24. a4 g5 25. h5 Rhf8 26. Ra3 Rc8 27. Rc3 Qd7 28. g4 Rf7 29. Kg2 Rcf8 30. Bg3 Nc8 31. Qd1 a6 32. bxa6+ Kxa6 33. Nb1 Na7 34. Ree3 Rb8 35. Na3 Nb3 36. Rxb3 cxb3 37. Rxb3 Qc6 38. Qd3+ Kb7 39. a5 Ka8 40. Rc3 Qb7 41. Qg6 Qe7 42. Qxh6 bxa5 43. Qg6 Rb2+ 44. Kh3 a4 45. Qd3 Qb7 46. Be1 Nb5 47. Nxb5 Qxb5 48. Qxb5 Rxb5 49. Ra3 Rb3 50. Rxa4+ Kb7 51. Rb4+ Rxb4 52. Bxb4 Rxf3+ 53. Kg2 Rf4 54. Kg3 Rxd4 55. Be7 Rd3+ 56. Kf2 Rd4 57. Kg3 Rd3+ 58. Kf2 Rd4 59. Kf3 Rd3+ 1/2-1/2

[Event "AUT-chT2W 0102"]
[Site "Austria"]
[Date "2002.03.09"]
[Round "10.3"]
[White "Gsteu, Peter"]
[Black "Astl, Peter"]
[Result "1/2-1/2"]
[WhiteElo "2211"]
[BlackElo "2264"]
[PlyCount "38"]
[EventDate "2001.10.12"]
[EventType "team"]
[EventRounds "11"]
[EventCountry "AUT"]
[SourceTitle "EXT 2002"]
[Source "ChessBase"]
[SourceDate "2001.11.25"]
[SourceVersion "1"]
[SourceVersionDate "2001.11.25"]
[SourceQuality "1"]

1. d4 d5 2. Nf3 Nf6 3. c4 e6 4. g3 Ne4 5. Bg2 c6 6. 0-0 Bd6 7. b3 Qe7 8. Ne1 Nd7 9. Qc2 Nef6 10. Nc3 0-0 11. Nd3 a6 12. Bf4 Bxf4 13. Nxf4 dxc4 14. bxc4 e5 15. dxe5 Nxe5 16. Na4 Rb8 17. c5 Re8 18. Rfd1 Ng6 19. Nxg6 hxg6 1/2-1/2

[Event "AUT-chT2W 0102"]
[Site "Austria"]
[Date "2001.11.25"]
[Round "6.3"]
[White "Gsteu, Peter"]
[Black "Angerer, Helmut"]
[Result "0-1"]
[WhiteElo "2211"]
[BlackElo "2162"]
[PlyCount "64"]
[EventDate "2001.10.12"]
[EventType "team"]
[EventRounds "11"]
[EventCountry "AUT"]
[SourceTitle "EXT 2002"]
[Source "ChessBase"]
[SourceDate "2001.11.25"]
[SourceVersion "1"]
[SourceVersionDate "2001.11.25"]
[SourceQuality "1"]

1. d4 e6 2. Nf3 b6 3. g3 Nf6 4. Bg2 Bb7 5. 0-0 Be7 6. c4 d5 7. Nc3 0-0 8. Qc2 dxc4 9. e4 Nc6 10. e5 Nd5 11. a3 Nxc3 12. bxc3 Na5 13. Be3 Bd5 14. h4 Nb3 15. Rae1 Qd7 16. Ng5 Bxg5 17. Bxg5 Rae8 18. Qe2 a5 19. Qg4 Kh8 20. Qf4 Bxg2 21. Kxg2 c5 22. h5 h6 23. Bxh6 f5 24. exf6 Rxf6 25. Bxg7+ Qxg7 26. h6 Qg6 27. Qe5 Qf5 28. dxc5 Nxc5 29. Qc7 Qf3+ 30. Kg1 Rxh6 31. Qe5+ Kh7 32. Qc7+ Kg8 0-1

[Event "AUT-chT2W 0001"]
[Site "Austria"]
[Date "2001.01.14"]
[Round "8"]
[White "Gsteu, Peter"]
[Black "Kleissl, Helmut"]
[Result "1/2-1/2"]
[WhiteElo "1957"]
[BlackElo "2277"]
[PlyCount "68"]
[EventDate "2000.??.??"]
[EventType "team"]
[EventRounds "9"]
[EventCountry "AUT"]
[SourceTitle "EXT 2002"]
[Source "ChessBase"]
[SourceDate "2001.11.25"]
[SourceVersion "1"]
[SourceVersionDate "2001.11.25"]
[SourceQuality "1"]

1. Nf3 d6 2. b3 e5 3. e3 g6 4. Bb2 Bg7 5. d4 e4 6. Nfd2 Nf6 7. c4 0-0 8. Nc3 Re8 9. Qc2 Bf5 10. h3 h5 11. Be2 c6 12. b4 a5 13. bxa5 Qxa5 14. a4 Nbd7 15. Nb3 Qc7 16. c5 dxc5 17. Nxc5 Nxc5 18. dxc5 Qa5 19. 0-0 Qxc5 20. Ba3 Qe5 21. Rab1 Bc8 22. Rfd1 Nh7 23. Bb2 Qe7 24. Bc4 h4 25. Ne2 Bxb2 26. Rxb2 Qe5 27. Qb3 Ng5 28. Nf4 Kg7 29. Rbd2 Ne6 30. Bxe6 Bxe6 31. Qxb7 Rxa4 32. Qxc6 Raa8 33. Nxe6+ Qxe6 34. Qxe6 Rxe6 1/2-1/2

[Event "AUT-chT3 9798"]
[Site "Vorarlberg "]
[Date "1998.01.30"]
[Round "7"]
[White "Gsteu, Peter"]
[Black "Haemmerle, Albert"]
[Result "1/2-1/2"]
[WhiteElo "1931"]
[BlackElo "1781"]
[PlyCount "45"]
[EventDate "1997.??.??"]
[EventType "team-tourn"]
[EventRounds "9"]
[EventCountry "AUT"]
[SourceTitle "EXT 1999"]
[Source "ChessBase"]
[SourceDate "1998.11.16"]
[SourceVersion "1"]
[SourceVersionDate "1998.11.16"]
[SourceQuality "1"]

1. e4 c5 2. Nf3 d6 3. d4 cxd4 4. Nxd4 Nf6 5. Nc3 Nc6 6. Bg5 e6 7. Bc4 Be7 8. 0-0 0-0 9. Be3 a6 10. a4 Bd7 11. Qe2 Qc7 12. Kh1 Rac8 13. Nxc6 Bxc6 14. Bd3 Rfd8 15. f4 d5 16. exd5 Bxd5 17. Nxd5 Rxd5 18. f5 e5 19. c3 h6 20. Bc2 Rd7 21. Rae1 Bd6 22. Bc1 Qc6 23. Rf3 1/2-1/2

[Event "AUT-chT3 9798"]
[Site "Vorarlberg "]
[Date "1997.11.21"]
[Round "4"]
[White "Studer, Kurt"]
[Black "Gsteu, Peter"]
[Result "0-1"]
[WhiteElo "1775"]
[BlackElo "1931"]
[PlyCount "106"]
[EventDate "1997.??.??"]
[EventType "team-tourn"]
[EventRounds "9"]
[EventCountry "AUT"]
[SourceTitle "EXT 1999"]
[Source "ChessBase"]
[SourceDate "1998.11.16"]
[SourceVersion "1"]
[SourceVersionDate "1998.11.16"]
[SourceQuality "1"]

1. e4 e6 2. d4 d5 3. Nc3 Bb4 4. e5 c5 5. a3 Bxc3+ 6. bxc3 Ne7 7. Nf3 Bd7 8. Bd3 Qa5 9. Bd2 Ba4 10. 0-0 Nbc6 11. Qb1 c4 12. Be2 0-0-0 13. Qb2 h6 14. Rfb1 Qc7 15. Qc1 Rdg8 16. Bf4 g5 17. Bd2 Ng6 18. Bf1 g4 19. Ne1 Nh4 20. Bf4 Nf5 21. Rb2 Qe7 22. Rab1 b6 23. Ra1 h5 24. Qd2 h4 25. Raa2 Rg7 26. Rb1 Qd8 27. Rd1 Rhg8 28. Qe2 Nce7 29. Rb1 Ng6 30. Qd2 Nxf4 31. Qxf4 g3 32. h3 gxf2+ 33. Qxf2 Rg3 34. Qd2 Rxh3 35. Rb4 Qe8 36. Qf2 Rhg3 37. Nf3 R8g4 38. Rxa4 Qxa4 39. Nh2 Rg8 40. Nf3 R3g7 41. Qd2 Ng3 42. Qe1 Nxf1 43. Qxf1 Qb5 44. Ra1 Qb2 45. Re1 Rxg2+ 46. Qxg2 Rxg2+ 47. Kxg2 Qxc2+ 48. Kg1 h3 49. Nh4 Qxc3 50. Kf2 Qxd4+ 51. Kg3 Qc3+ 52. Nf3 d4 53. Rh1 d3 0-1

[Event "AUT-chT3 9798"]
[Site "Vorarlberg "]
[Date "1997.10.31"]
[Round "3"]
[White "Brugger, Hugo"]
[Black "Gsteu, Peter"]
[Result "1-0"]
[WhiteElo "1979"]
[BlackElo "1931"]
[PlyCount "75"]
[EventDate "1997.??.??"]
[EventType "team-tourn"]
[EventRounds "9"]
[EventCountry "AUT"]
[SourceTitle "EXT 1999"]
[Source "ChessBase"]
[SourceDate "1998.11.16"]
[SourceVersion "1"]
[SourceVersionDate "1998.11.16"]
[SourceQuality "1"]

1. e4 e6 2. d4 d5 3. e5 c5 4. c3 Nc6 5. Be3 Nh6 6. Nf3 Nf5 7. Bd3 cxd4 8. cxd4 Nxe3 9. fxe3 f6 10. exf6 Qxf6 11. 0-0 Bd6 12. Nc3 Qh6 13. e4 Nxd4 14. Qa4+ Nc6 15. exd5 0-0 16. dxc6 Rxf3 17. Rxf3 Qxh2+ 18. Kf2 Bc5+ 19. Ke1 Qxg2 20. Qe4 Qh2 21. Qf4 Qxf4 22. Rxf4 e5 23. Bc4+ Kh8 24. Rd1 h5 25. Rd8+ Kh7 26. Bg8+ Kh6 27. Rc4 Bb6 28. c7 g5 29. Be6 Bxc7 30. Rxc7 Bxe6 31. Rxa8 h4 32. Re7 Bf5 33. Rxe5 Kg6 34. Rxf5 Kxf5 35. Kf2 Kf4 36. Rxa7 h3 37. Rxb7 g4 38. Rf7+ 1-0

[Event "AUT-chT3 9798"]
[Site "Vorarlberg "]
[Date "1997.10.17"]
[Round "2"]
[White "Gsteu, Peter"]
[Black "Ender, Klaus"]
[Result "1-0"]
[WhiteElo "1931"]
[BlackElo "1645"]
[PlyCount "61"]
[EventDate "1997.??.??"]
[EventType "team-tourn"]
[EventRounds "9"]
[EventCountry "AUT"]
[SourceTitle "EXT 1999"]
[Source "ChessBase"]
[SourceDate "1998.11.16"]
[SourceVersion "1"]
[SourceVersionDate "1998.11.16"]
[SourceQuality "1"]

1. Nf3 Nf6 2. d4 e6 3. Bg5 Be7 4. c4 0-0 5. Nc3 b6 6. e4 h6 7. Bxf6 Bxf6 8. e5 Be7 9. Bd3 Bb7 10. 0-0 d5 11. cxd5 exd5 12. Bb1 c6 13. Qc2 g6 14. e6 f5 15. Ne5 Kg7 16. Nf7 Rxf7 17. exf7 Kxf7 18. g4 Bd6 19. gxf5 Bxh2+ 20. Kh1 Qh4 21. fxg6+ Kg7 22. Qf5 Bd6+ 23. Kg2 Qe7 24. Re1 Qf6 25. Qxf6+ Kxf6 26. Re3 Bf4 27. Rf3 Kg5 28. Ne2 Bc7 29. Rf7 Na6 30. g7 Rg8 31. Bh7 1-0

[Event "AUT-chT 9697"]
[Site "Vorarlberg"]
[Date "1996.??.??"]
[Round "?"]
[White "Gsteu, Peter"]
[Black "Obermair, Walter"]
[Result "0-1"]
[WhiteElo "1950"]
[BlackElo "1850"]
[PlyCount "86"]
[EventDate "1996.??.??"]
[EventType "team"]
[EventRounds "9"]
[EventCountry "AUT"]
[SourceTitle "EXT 1999"]
[Source "ChessBase"]
[SourceDate "1998.11.16"]
[SourceVersion "1"]
[SourceVersionDate "1998.11.16"]
[SourceQuality "1"]

1. Nf3 Nf6 2. b3 c5 3. Bb2 e6 4. e3 d5 5. c4 Be7 6. cxd5 exd5 7. Bb5+ Bd7 8. Bxd7+ Nbxd7 9. 0-0 0-0 10. d4 Rc8 11. Nc3 c4 12. bxc4 Rxc4 13. Ne5 Rc8 14. Qb3 Nb6 15. Rac1 Ne4 16. Nxe4 Rxc1 17. Rxc1 dxe4 18. Ba3 Bd6 19. Bxd6 Qxd6 20. Rc5 Nd7 21. Nxd7 Qxd7 22. Qc4 b6 23. Rc7 Qg4 24. h3 Qd1+ 25. Kh2 Qd2 26. Kg3 h5 27. Qc2 Qxc2 28. Rxc2 f5 29. Rc7 Rf7 30. Rxf7 Kxf7 31. Kf4 Ke6 32. Kg5 b5 33. Kxh5 b4 34. Kg6 a5 35. h4 a4 36. h5 b3 37. axb3 axb3 38. Kxg7 b2 39. h6 b1Q 40. h7 Qb7+ 41. Kg6 Qf7+ 42. Kh6 Qf6+ 43. Kh5 Qg7 0-1